| 000 | 01285cam a22002895a 4500 | ||
|---|---|---|---|
| 001 | L158423 | ||
| 008 | 120215s2015 xxk f 000 0 eng d | ||
| 020 | _a9781848064126 | ||
| 035 | _a(Sirsi) u158423 | ||
| 041 | 0 | _aeng | |
| 100 | 1 | _aMussett, Jon | |
| 245 | 0 | 0 | _aReducing the embodied impacts of shopfitting equipment |
| 260 |
_aWatford _bBRE _c2015 |
||
| 300 |
_a8p. _bill. _c30cm. |
||
| 490 | 0 |
_aBRE Information Paper _v(4/15) |
|
| 520 | _aGives the results of study by BRE and the National Association of Shopfitters (NAS). They collaborated to model a range of shopfitting equipment using the LIST tool to benchmark embodied impacts, estimate equipment impacts based on store layouts, examine case studies for reducing embodied impact through changes to equipment design and specification, and develop guidance for the industry. The study sets out some key considerations for cost-effective impact reduction. | ||
| 520 | _aRelated title: LIST (Low impact shopfitting tool) for designing greener shopfitting display equipment. E152999 | ||
| 521 | _aAdvanced | ||
| 590 | _aKA | ||
| 650 | 2 | 4 | _aEMBODIED ENERGY IMPACTS |
| 650 | 2 | 4 | _aLIST |
| 650 | 2 | 4 | _aSHOPFITTING |
| 651 | 4 | _aENGLAND AND WALES | |
| 690 |
_aEnergy _96237 |
||
| 700 | 1 | _aRobinson, Adam | |
| 942 | _n0 | ||
| 999 |
_c115300 _d115300 |
||